[Event "Ostersund Storsjodraget op"]
[Site "Ostersund"]
[Date "2019.06.15"]
[Round "4"]
[White "Akesson, Ralf"]
[Black "Olofsson, Henrik"]
[Result "1-0"]
[WhiteElo "2363"]
[BlackElo "2019"]
[PlyCount "79"]
[EventDate "2019.06.14"]
[EventType "swiss"]
[EventRounds "7"]
[EventCountry "SWE"]
[SourceTitle "CBM 192 Extra"]
[Source "Chessbase"]
[SourceDate "2019.11.06"]
[SourceVersion "1"]
[SourceVersionDate "2019.11.06"]
[SourceQuality "1"]

1. Nf3 Nf6 2. c4 e6 3. Nc3 d5 4. d4 Be7 5. Bf4 0-0 6. e3 b6 7. cxd5 Nxd5 8. Nxd5 exd5 9. Bd3 Bb4+ 10. Ke2 Bd6 11. Bxd6 Qxd6 12. Rc1 Ba6 13. Bxa6 Nxa6 14. Qa4 b5 15. Qc2 Rfd8 16. Qc6 f6 17. Ne1 Rab8 18. Nd3 Rb6 19. Qxd6 Rdxd6 20. Rc3 Rdc6 21. Rhc1 Rxc3 22. Rxc3 b4 23. Rc2 c6 24. Kd2 Kf7 25. Rc1 Ke7 26. Kc2 Kd6 27. Kb3 Nc7 28. Rc5 Nb5 29. Ka4 Ra6+ 30. Kb3 Rb6 31. h4 a5 32. Ka4 Ra6 33. Nf4 Ra7 34. h5 b3 35. Kxb3 a4+ 36. Kc2 a3 37. b4 Re7 38. Kb3 Re4 39. g3 Re8 40. Nxd5 1-0

[Event "Sundsvall op"]
[Site "Sundsvall"]
[Date "2019.01.05"]
[Round "6"]
[White "Soderstrom, Adrian"]
[Black "Olofsson, Henrik"]
[Result "1-0"]
[WhiteElo "2118"]
[BlackElo "1955"]
[PlyCount "97"]
[EventDate "2019.01.04"]
[EventType "swiss"]
[EventRounds "8"]
[EventCountry "SWE"]
[SourceTitle "CBM 188 Extra"]
[Source "ChessBase"]
[SourceDate "2019.02.28"]
[SourceVersion "1"]
[SourceVersionDate "2019.02.28"]
[SourceQuality "1"]

1. c4 Nf6 2. Nc3 e6 3. e4 d5 4. e5 d4 5. exf6 dxc3 6. bxc3 Qxf6 7. d4 e5 8. Nf3 exd4 9. Bg5 Qe6+ 10. Be2 Bc5 11. 0-0 0-0 12. cxd4 Be7 13. Bd3 f6 14. Re1 Qd7 15. Bf4 Bb4 16. Bxh7+ Kxh7 17. Qb1+ Kg8 18. Qxb4 Nc6 19. Qc3 b6 20. d5 Nd8 21. Qa3 c5 22. Re4 Qf5 23. Rae1 Nf7 24. Nd4 Qh5 25. Nc6 g5 26. Bc7 Bd7 27. Ne7+ Kg7 28. Qc3 Rh8 29. Bg3 Rae8 30. d6 Qh7 31. f3 Qh5 32. R1e2 Rhf8 33. Nd5 Qg6 34. Re7 Rxe7 35. Rxe7 Re8 36. Rxd7 Qb1+ 37. Kf2 Qxa2+ 38. Kf1 Qe2+ 39. Kg1 Qd1+ 40. Be1 Rxe1+ 41. Kf2 Re2+ 42. Kg3 Qd4 43. Qxd4 cxd4 44. Rxf7+ Kxf7 45. d7 Re8 46. dxe8Q+ Kxe8 47. Nxf6+ Kf7 48. Ne4 a5 49. Kf2 1-0

[Event "Hallstahammar op"]
[Site "Hallstahammar"]
[Date "2003.09.13"]
[Round "5"]
[White "Olofsson, Henrik"]
[Black "Pettersson, Rolf"]
[Result "0-1"]
[WhiteElo "1969"]
[BlackElo "1791"]
[PlyCount "86"]
[EventDate "2003.09.12"]
[EventType "swiss"]
[EventRounds "7"]
[EventCountry "SWE"]
[SourceTitle "CBM 096 Extra"]
[Source "ChessBase"]
[SourceDate "2003.10.22"]
[SourceVersion "2"]
[SourceVersionDate "2003.10.20"]
[SourceQuality "1"]

1. e4 c5 2. Nf3 Nc6 3. d4 cxd4 4. Nxd4 d6 5. Nc3 Nf6 6. Bg5 e6 7. Qd2 Be7 8. 0-0-0 a6 9. Nb3 0-0 10. Bxf6 gxf6 11. Qh6 Kh8 12. f4 Rg8 13. Qh5 Qf8 14. Rd3 b5 15. Rh3 Rg7 16. Bd3 Qg8 17. Rg1 Rg6 18. e5 f5 19. Qe2 dxe5 20. fxe5 Bb7 21. Kb1 Qg7 22. Nd5 exd5 23. Bxf5 Rh6 24. Rxh6 Qxh6 25. Rf1 Rg8 26. g4 Qg7 27. e6 f6 28. Rf3 Ne5 29. Rh3 Ng6 30. Qf2 d4 31. Qxd4 Rd8 32. Qa7 Bg2 33. Rh5 Kg8 34. a3 Rd6 35. Ka2 Nf8 36. Qb8 h6 37. Nc5 Rd8 38. Qb6 Bd5+ 39. b3 Rc8 40. Nd7 Rc6 41. Qd4 Bxe6 42. Bxe6+ Rxe6 43. Rh3 Rd6 0-1